[Event "GER-ch46 V03 email"]
[Site "GER email"]
[Date "2014.04.18"]
[Round "?"]
[White "Giesemann, Steffen"]
[Black "Wuttke, Johannes"]
[Result "1-0"]
[WhiteElo "2108"]
[BlackElo "1934"]
[PlyCount "95"]
[EventDate "2014.04.16"]
[EventType "tourn (corr)"]
[EventRounds "8"]
[EventCountry "GER"]
[SourceTitle "Corr 2020"]
[Source "ChessBase"]
[SourceDate "2019.09.30"]
[SourceVersion "1"]
[SourceVersionDate "2019.09.30"]
[SourceQuality "1"]

1. e4 e5 2. Nf3 Nc6 3. Bc4 Nf6 4. Ng5 d5 5. exd5 Nxd5 6. Nxf7 Kxf7 7. Qf3+ Ke6 8. Nc3 Ncb4 9. Bb3 c6 10. a3 Na6 11. Nxd5 cxd5 12. d4 Be7 13. c4 Qd6 14. 0-0 e4 15. Qh5 g6 16. cxd5+ Kf7 17. Qh6 Bf6 18. Re1 Bg7 19. Qh4 Bf5 20. g4 Bxd4 21. gxf5 Nc5 22. Bc4 b5 23. Bf4 Qf6 24. Bg5 Qxf5 25. Bxb5 Bxb2 26. Rab1 h6 27. Be3 Bf6 28. Qg3 Rac8 29. Be2 Be5 30. Qg2 h5 31. f3 exf3 32. Bxf3 Kg7 33. Rf1 Rhf8 34. Kh1 Bd6 35. a4 Rce8 36. Bg1 Kh6 37. a5 Qd7 38. Qd2+ Kh7 39. Qc2 Qh3 40. Qg2 Qf5 41. Bd4 Kh6 42. Qg1 Ne4 43. Bg2 Qxd5 44. Bxa7 g5 45. a6 Rxf1 46. Rxf1 Qc4 47. Qd4 Qc2 48. Rf7 1-0

[Event "GER-ch46 V03 email"]
[Site "GER email"]
[Date "2014.04.03"]
[Round "?"]
[White "Kappes, Dieter"]
[Black "Giesemann, Steffen"]
[Result "1/2-1/2"]
[WhiteElo "2086"]
[BlackElo "2091"]
[PlyCount "87"]
[EventDate "2014.04.16"]
[EventType "tourn (corr)"]
[EventRounds "8"]
[EventCountry "GER"]
[SourceTitle "Corr 2015"]
[Source "ChessBase"]
[SourceDate "2015.07.17"]
[SourceVersion "1"]
[SourceVersionDate "2015.07.17"]
[SourceQuality "1"]

1. d4 d5 2. c4 e6 3. Nf3 c5 4. cxd5 exd5 5. g3 Nc6 6. Bg2 Nf6 7. 0-0 Be7 8. Nc3 0-0 9. dxc5 Bxc5 10. Na4 Be7 11. Be3 Bg4 12. Rc1 Re8 13. Nc5 Qb6 14. Nb3 Qa6 15. a3 Rac8 16. Re1 h6 17. h3 Bf5 18. Nfd4 Nxd4 19. Rxc8 Nxe2+ 20. Qxe2 Rxc8 21. Qxa6 bxa6 22. Bxa7 Kf8 23. Bd4 Bd7 24. Bf1 Ne4 25. Bxa6 Rb8 26. Nc1 Bf6 27. Bxf6 Nxf6 28. Nd3 Rb6 29. Nb4 Bxh3 30. f3 Be6 31. Kf2 Ke7 32. Ke3 Kd6 33. Kd4 g6 34. Bd3 Nh5 35. Rg1 Rb8 36. Ke3 Bd7 37. Bc2 Re8+ 38. Kf2 Nf6 39. Rd1 h5 40. Bb3 Be6 41. Rc1 Rc8 42. Rxc8 Bxc8 43. Ke3 Bb7 44. a4 1/2-1/2

[Event "GER-ch46 V03 email"]
[Site "GER email"]
[Date "2014.04.03"]
[Round "?"]
[White "Schmidt, Volkmar"]
[Black "Giesemann, Steffen"]
[Result "1/2-1/2"]
[WhiteElo "2143"]
[BlackElo "2091"]
[PlyCount "63"]
[EventDate "2014.04.16"]
[EventType "tourn (corr)"]
[EventRounds "8"]
[EventCountry "GER"]
[SourceTitle "Corr 2015"]
[Source "ChessBase"]
[SourceDate "2015.07.17"]
[SourceVersion "1"]
[SourceVersionDate "2015.07.17"]
[SourceQuality "1"]

1. e4 e5 2. Nf3 Nc6 3. Bb5 a6 4. Ba4 Nf6 5. 0-0 Be7 6. Re1 b5 7. Bb3 0-0 8. h3 Bb7 9. d3 d5 10. exd5 Nxd5 11. Nxe5 Nxe5 12. Rxe5 Qd6 13. Re1 Rae8 14. Nd2 c5 15. a4 c4 16. dxc4 Nf4 17. Nf3 Nxh3+ 18. Kf1 Qg6 19. Be3 bxa4 20. Bxa4 Rd8 21. Qe2 Qg4 22. Red1 Rxd1+ 23. Qxd1 Ng5 24. Bxg5 Bxg5 25. Qd3 Bf6 26. c3 Rc8 27. Re1 g6 28. Re8+ Rxe8 29. Bxe8 Be4 30. Qe2 Bxf3 31. gxf3 Qh3+ 32. Kg1 1/2-1/2

[Event "GER-ch46 V03 email"]
[Site "GER email"]
[Date "2014.04.03"]
[Round "?"]
[White "Tiemann, Hagen"]
[Black "Giesemann, Steffen"]
[Result "1/2-1/2"]
[WhiteElo "2162"]
[BlackElo "2079"]
[PlyCount "56"]
[EventDate "2014.04.16"]
[EventType "tourn (corr)"]
[EventRounds "8"]
[EventCountry "GER"]
[SourceTitle "Corr 2015"]
[Source "ChessBase"]
[SourceDate "2015.07.17"]
[SourceVersion "1"]
[SourceVersionDate "2015.07.17"]
[SourceQuality "1"]

1. Nf3 Nf6 2. d4 d5 3. c4 e6 4. Nc3 Nbd7 5. cxd5 exd5 6. Bf4 Bb4 7. Qb3 c5 8. dxc5 a5 9. Bd6 b6 10. a3 Nxc5 11. Bxc5 Bxc5 12. e3 0-0 13. Be2 Bb7 14. 0-0 Qe7 15. Rad1 Rfd8 16. Nd4 Ne4 17. Nxe4 dxe4 18. Nb5 Rab8 19. Bc4 g6 20. Nc3 Kg7 21. Rxd8 Rxd8 22. Na4 Qe5 23. Rc1 Rd7 24. Nxc5 Qxc5 25. Qc3+ f6 26. b4 Qc6 27. Be2 Qxc3 28. Rxc3 axb4 1/2-1/2